Diaspora-Argentina - Statistics

General Stats
  • This quiz has been taken 238 times
  • The average score is 11 of 12
Answer Stats
Number of immigrants Continent Country % Correct
72.190-256.071 Europe Spain
99%
196.095 North America United States of America
99%
74.470 Europe Italy
97%
85.724 South America Chile
95%
42.202 South America Brazil
94%
14.190 Oceania Australia
91%
13.696 North America Mexico
91%
19.210 North America Canada
90%
22.743 South America Uruguay
88%
11.899 Europe France
85%
10.200 Europe United Kingdom
85%
48.312 Asia Israel
51%
No matching quizzes found
Score Distribution
Percent of People with Each Score
Percentile by Number Answered
Your Score History
You have not taken this quiz